| 000 | 00625cam a2200217 4500500 | ||
|---|---|---|---|
| 005 | 20260329004202.0 | ||
| 041 | _afre | ||
| 042 | _adc | ||
| 100 | 1 | 0 |
_aTenaillon, Nicolas _eauthor |
| 245 | 0 | 0 | _aLe Pouvoir de l’art |
| 260 | _c2018. | ||
| 500 | _a87 | ||
| 690 | _aInterprétation | ||
| 690 | _aMarkus Gabriel | ||
| 690 | _aNouveau réalisme | ||
| 690 | _aRéalisme | ||
| 690 | _aRéel | ||
| 690 | _aThéorie | ||
| 786 | 0 | _nPhilosophie magazine | 125 | 12 | 2018-12-01 | p. 36-36 | 1951-1787 | |
| 856 | 4 | 1 | _uhttps://shs.cairn.info/magazine-philosophie-magazine-2018-12-page-36?lang=fr&redirect-ssocas=7080 |
| 999 |
_c1831517 _d1831517 |
||